000 01063cad a22001935a 4500
001 L155118
008 110302s2012 xxk f 000 0 eng d
035 _a(Sirsi) u155118
041 0 _aeng
110 2 _aHome Builders Federation
_94896
245 0 0 _aNew housing pipeline
_bQ4 2011 report
_h[electronic resource]
260 _aLondon
_bhome Builders Federation
_c2012
520 _aReport for fourth quarter of 2011 shows how approvals for just 27 732 homes were granted in England in the Q4 of 2011, a fall on the same period a year earlier. This means the total number of permissions granted in 2011 was the lowest since HBF started the survey in 2007. These figures reveal the potential for the housing crisis to intensify with fewer homes in England being built than at any time since the 1920s.
590 _aKA NTK
651 4 _aUnited Kingdom
690 _aPlanning and development
_96259
856 4 0 _uhttps://www.hbf.co.uk/uploads/media/Housing_pipeline_report_Q4_2011_-_March_2012.pdf
_zView the report free of charge at www.hbf.co.uk
942 _n0
999 _c113331
_d113331